Measuring the efficiency of company using a project template

Proces merania efektivity efektivity podniku použitím DEA metódy. Procesy tvorby projektovej šablóny pre podnik. Výhody použitia projektovej šablóny.

Guardado en:
Detalles Bibliográficos
Autor principal: Chytilová, Lucie
Otros Autores: Baňařová, Jitka
Formato: Capítulo de libro
Lenguaje:inglés
Materias:
Etiquetas: Agregar Etiqueta
Sin Etiquetas, Sea el primero en etiquetar este registro!

MARC

LEADER 00000naa a2200000 4500
001 0214522
005 20230803102023.8
041 0 |a eng 
044 |a CZ 
245 1 0 |a Measuring the efficiency of company using a project template  |c Lucie Chytilová, Jitka Baňařová 
520 |a Proces merania efektivity efektivity podniku použitím DEA metódy. Procesy tvorby projektovej šablóny pre podnik. Výhody použitia projektovej šablóny. 
610 2 0 |a analýza obaľovania dát 
610 2 0 |a efektívnosť 
610 2 0 |a modelovanie 
610 2 0 |a manažment 
610 2 0 |a riadenie projektové 
100 1 |a Chytilová, Lucie 
700 1 |a Baňařová, Jitka